[Event "ch-SLO"]
[Site "Bled SLO"]
[Date "2003.08.05"]
[Round "4"]
[White "Basagic,Z"]
[Black "Saradjen,J"]
[Result "1-0"]
[WhiteElo "2379"]
[BlackElo "2203"]

1.e4 c5 2.Nf3 d6 3.Bb5+ Bd7 4.Bxd7+ Nxd7 5.O-O g6 6.c3 Bg7 7.d4 Ngf6 8.e5 dxe5
9.dxe5 Ng4 10.e6 Nde5 11.Qa4+ Kf8 12.Nxe5 Nxe5 13.Qe4 b5 14.a4 f5 15.Qe2 b4
16.Rd1 Qa5 17.Bh6 Bxh6 18.Qxe5 Bg7 19.Qd5 Re8 20.Nd2 bxc3 21.Nc4 cxb2 22.Nxa5 bxa1=Q
23.Rxa1 Bxa1 24.Qxc5 a6 25.Nc6 Kg7 26.Qa7 Bf6 27.Qxa6 Ra8 28.Qb5 Rhc8 29.g3 Rc7
30.Ne5 Rc1+ 31.Kg2 Ra1 32.Nc6 R1xa4 33.Qb7 Kf8 34.h4 f4 35.Nb4 fxg3 36.fxg3 Kg7
37.Nc6 Kf8 38.Kh3 g5 39.hxg5 Bxg5 40.Qb1 Kg7 41.Qf5 Bf6 42.Nxe7 R8a5 43.Nd5 Rxd5
44.Qxd5 Ra7 45.Kg4 Kg6 46.Qc5 Re7 47.Qh5+ Kg7 48.Kf5 Bc3 49.Qg4+ Kf8 50.Qc4 Bb2
51.Qb4 Ba1 52.g4 Bg7 53.g5  1-0

[Event "World Youth Stars"]
[Site "Kirishi RUS"]
[Date "2003.08.05"]
[Round "4"]
[White "Matlakov,M"]
[Black "Nepomniachtchi,I"]
[Result "0-1"]
[WhiteElo "2319"]
[BlackElo "2432"]

1.e4 c5 2.Nf3 d6 3.Bb5+ Nd7 4.d4 Nf6 5.Nc3 cxd4 6.Qxd4 e5 7.Qd3 h6 8.O-O a6
9.Bxd7+ Bxd7 10.a4 Be7 11.Be3 O-O 12.a5 Rc8 13.Bb6 Qe8 14.Rfd1 Be6 15.Nd2 Qc6
16.Nf1 Bc4 17.Qf3 Nd7 18.Ne3 Nxb6 19.Nf5 Rfe8 20.axb6 Bf8 21.b3 Bxb3 22.cxb3 Qxc3
23.Qg4 Re6 24.Ne3 Qxb3 25.Nd5 Rc5 26.g3 a5 27.Rab1 Qa4 28.Qf3 Re8 29.Nc7 Rd8
30.Rbc1 Qc6 31.Rxc5 Qxc5 32.Nd5 a4 33.Ra1 Ra8 34.Qa3 Qd4 35.Re1 Rc8 36.Qf3 Rc2
37.Rd1 Qc5 38.Qe3 a3 39.Ra1 a2 40.Qe1 Rb2 41.Nc3 Qa3 42.Kg2 Rc2 43.Nd5 Qb2
44.Nb4 Re2 45.Qf1 Rxe4 46.Nxa2 Ra4  0-1

[Event "ch-SLO"]
[Site "Bled SLO"]
[Date "2003.08.06"]
[Round "5"]
[White "Barle,J"]
[Black "Tratar,M"]
[Result "1/2-1/2"]
[WhiteElo "2360"]
[BlackElo "2455"]

1.e4 c5 2.Nf3 d6 3.Bb5+ Nd7 4.c4 a6 5.Ba4 Nf6 6.Nc3 e6 7.O-O Be7 8.d4 cxd4
9.Nxd4 O-O 10.Qe2 Qc7 11.Kh1 Nb6 12.Bb3 Bd7 13.f4 Rac8 14.e5 Ne8 15.Ne4 Nxc4
16.f5 dxe5 17.fxe6 fxe6 18.Rxf8+ Bxf8 19.Nf3 Nf6 20.Nfg5 Be7 21.Bc2 h6 22.Nxf6+ Bxf6
23.Nh7 Be7 24.Bxh6 gxh6 25.Qg4+ Bg5 26.Nxg5 Ne3 27.Qh5 Be8 28.Qxh6 Qxc2 29.Qxe6+ Kf8
30.Qf6+ Kg8  1/2-1/2

[Event "It"]
[Site "Kramatorsk UKR"]
[Date "2003.08.06"]
[Round "13"]
[White "Kulicov,O"]
[Black "Areshchenko,A"]
[Result "1/2-1/2"]
[WhiteElo "2460"]
[BlackElo "2542"]

1.e4 c5 2.Nf3 d6 3.Bb5+ Nd7 4.d4 Nf6 5.Nc3 a6 6.Bxd7+ Nxd7 7.O-O e6 8.dxc5 Nxc5
9.Bg5 Qc7 10.Re1 f6 11.Bf4 b5 12.a3 Be7 13.Qd2 Nd7 14.Rad1 Ne5 15.Nxe5 dxe5
16.Be3 g5 17.f3 Kf7 18.Qf2 Bd7 19.Rd3 Rhc8 20.Nb1 a5 21.Red1 Be8 22.Rc3 Qb7
23.Rxc8 Rxc8 24.c3 a4 25.Qg3 Qc6 26.h4 h6 27.hxg5 hxg5 28.Nd2 Kg7 29.Nf1 Qc4
30.Rd2 Bc6 31.Qe1 Kf7 32.Bf2 Bb7 33.Ne3 Qc6 34.Ng4 Kg7 35.Qd1 Qe8 36.Bg3 Bc6
37.Bf2 Qh5 38.Qe1 Rh8 39.Bb6 Rh7 40.Kf2 Qh4+ 41.Ke2 Bxe4 42.Qxh4 Rxh4 43.Rd7 Kf8
44.Nxf6 Bxf3+ 45.Kxf3 Rf4+ 46.Ke2 Bxf6 47.Bc5+ Ke8 48.Rb7 Re4+ 49.Kf2 Rf4+
50.Ke2 Rg4  1/2-1/2

[Event "Open"]
[Site "Olomouc CZE"]
[Date "2003.08.07"]
[Round "9"]
[White "Novosak,J"]
[Black "Shanava,K"]
[Result "0-1"]
[WhiteElo "2310"]
[BlackElo "2415"]

1.e4 c5 2.Nf3 d6 3.Bb5+ Bd7 4.Bxd7+ Qxd7 5.c4 Nc6 6.O-O g6 7.Nc3 Nf6 8.d3 Bg7
9.h3 O-O 10.Be3 Rfc8 11.Rc1 Rab8 12.b3 a6 13.a4 b6 14.Re1 Qb7 15.Re2 Nd7
16.d4 cxd4 17.Nxd4 Nc5 18.Nxc6 Qxc6 19.f3 e6 20.Rd2 Nb7 21.Kh1 Rc7 22.Bf4 Rd8
23.e5 Rcd7 24.Bg5 Bxe5 25.Bxd8 Rxd8 26.Ne2 h5 27.Qc2 Nc5 28.Rcd1 Kg7 29.Nd4 Qd7
30.b4 Nb7 31.Qe4 Bf6 32.Ne2 Qc7 33.b5 Nc5 34.Qc2 Bg5 35.f4 Bf6 36.Nd4 a5
37.Nb3 Nb7 38.Nd4 h4 39.Qe4 Rc8 40.Qc6 Bxd4 41.Qxc7 Rxc7 42.Rxd4 Kf6 43.Kg1 Ke7
44.Kf1 Rd7 45.R1d3 Nc5 46.Ra3 f5 47.Ke2 Rc7 48.Ke3 Ne4 49.Rad3 Rc8 50.Rd1 Nc3
51.R1d3 Ne4 52.Rd1 Rc5 53.R1d3 g5 54.fxg5 e5 55.Rd5 Rxc4 56.Rd1 Nxg5 57.Ke2 Re4+
58.Kd3 Rxa4 59.Rc1 Ke6  0-1

[Event "HZ Open"]
[Site "Vlissingen NED"]
[Date "2003.08.07"]
[Round "7"]
[White "Iordachescu,V"]
[Black "Tiviakov,S"]
[Result "1-0"]
[WhiteElo "2606"]
[BlackElo "2613"]

1.e4 c5 2.Nf3 d6 3.Bb5+ Nc6 4.O-O Bd7 5.Re1 Nf6 6.c3 a6 7.Bf1 Bg4 8.d3 Bxf3
9.Qxf3 g6 10.Bg5 Bg7 11.Nd2 Nd7 12.Qh3 h6 13.Be3 b5 14.a3 a5 15.Nf3 e5 16.a4 b4
17.Rad1 Qb6 18.Nd2 Qc7 19.Be2 Nb6 20.Ra1 Qd7 21.Qg4 Qe7 22.Bd1 Qe6 23.Qg3 h5
24.h3 Bh6 25.Bb3 Qf6 26.Nc4 Nxc4 27.Bxc4 Rc8 28.h4 Rc7 29.Rf1 Bf4 30.Qh3 Nd8
31.g3 Bxe3 32.fxe3 Qe7 33.Rf3 Kf8 34.Raf1 Kg7 35.R1f2 Rf8 36.Qf1 Qd7 37.Rf6 Qe7
38.Bd5 Qd7 39.Qd1 Qe7 40.Qf3 Nc6 41.Rf1 Nb8 42.Qf2 Nc6 43.g4 Nd8 44.gxh5 Rh8
45.hxg6 fxg6 46.Kg2 Rh5 47.Qf3 Rxh4 48.Qg3 Rh6 49.Rf8 Ne6 50.R1f7+ Qxf7 51.Rxf7+ Rxf7
52.Bxe6 Rf6 53.Bg4 Rh8 54.cxb4 cxb4 55.d4 Re8 56.Bf5 Re7 57.Qg5 Kf7 58.Bg4 Kg7
59.b3 exd4 60.exd4 Rxe4 61.d5 Re5 62.Qd2 Re4 63.Be6 Rff4 64.Qc2 Re5 65.Qc7+ Kh6
66.Kg3 Rf1 67.Kg2 Rf4 68.Qc1 Rg5+ 69.Kh3 Rh5+ 70.Kg3 g5 71.Qc8 Rhh4 72.Qh8+ Kg6
73.Qg8+ Kf6 74.Qf7+ Ke5 75.Qg7+ Ke4  1-0

[Event "Sunstar Park Open"]
[Site "Davos SUI"]
[Date "2003.08.09"]
[Round "8"]
[White "Papa,S"]
[Black "Cebalo,M"]
[Result "1-0"]
[WhiteElo "2372"]
[BlackElo "2510"]

1.e4 c5 2.Nf3 d6 3.Bb5+ Bd7 4.Bxd7+ Nxd7 5.O-O Ngf6 6.Qe2 Rc8 7.d3 g6 8.Ng5 h6
9.Nh3 Bg7 10.f4 e6 11.c4 O-O 12.Nc3 Nb8 13.g4 Nc6 14.g5 hxg5 15.Nxg5 Nd4
16.Qg2 Nh7 17.f5 exf5 18.Nd5 Qd7 19.exf5 Nxf5 20.Rxf5 gxf5 21.Nxh7 Kxh7 22.Qh3+ Kg8
23.Bh6 Qe6 24.Bxg7 Kxg7 25.Kf2 Rg8 26.Re1 Rce8 27.Rxe6 fxe6 28.Nf4 Kf6 29.Qh6+ Ke5
30.Nh5  1-0

[Event "WYol u16"]
[Site "Denizli TUR"]
[Date "2003.08.09"]
[Round "8"]
[White "Can,E"]
[Black "Sai,S"]
[Result "0-1"]
[WhiteElo "2198"]
[BlackElo "2244"]

1.e4 c5 2.Nf3 d6 3.Bb5+ Bd7 4.Bxd7+ Nxd7 5.O-O Ngf6 6.Re1 e6 7.c3 Be7 8.d4 cxd4
9.cxd4 d5 10.e5 Ne4 11.Nbd2 Nxd2 12.Bxd2 O-O 13.Rc1 Qb6 14.Bc3 Qa6 15.a3 Rac8
16.h4 Nb6 17.Nh2 Rc6 18.Re3 Rfc8 19.Qh5 Na4 20.Rg3 Nxc3 21.Rcxc3 Rxc3 22.bxc3 Qxa3
23.Ng4 Qc1+ 24.Kh2 g6 25.Ne3 Qe1 26.Ng4 Qd2 27.Ne3 Qxf2 28.Qh6 Bf8 29.Qg5 h6
30.Qg4 Be7 31.Nxd5 Kf8 32.Nf4 Ke8 33.h5 g5 34.Nd3 Qa2 35.Qe4 Qb1 36.Qh7 Bf8
37.Rf3 Rc7 38.Qg8 b6 39.Nf2 Qe1 40.Qh7 g4 41.Rf6 g3+ 42.Kxg3 Rxc3+ 43.Kh2 Rc7
44.g3 Qe2 45.Kg2 Rd7 46.Rf4 a5 47.Qb1 b5 48.Re4 Qc4 49.Ng4 Bg7 50.Rf4 Rc7
51.Qh7 Qc2+ 52.Qxc2 Rxc2+ 53.Kh3 a4  0-1

[Event "Sunstar Park Open"]
[Site "Davos SUI"]
[Date "2003.08.10"]
[Round "9"]
[White "Vogt,L"]
[Black "Papa,S"]
[Result "1/2-1/2"]
[WhiteElo "2452"]
[BlackElo "2372"]

1.e4 c5 2.Nf3 d6 3.Bb5+ Nd7 4.c3 Nf6 5.Qe2 a6 6.Ba4 b5 7.Bc2 Bb7 8.d4 e5
9.O-O Be7 10.dxe5 dxe5 11.Nbd2 O-O 12.Re1 Qc7 13.Nf1 Rfe8 14.Ng3 c4 15.Nf5 Bf8
16.Bg5  1/2-1/2

[Event "ch-AUT"]
[Site "Hartberg AUT"]
[Date "2003.08.10"]
[Round "15"]
[White "Neubauer,M"]
[Black "Titz,Hei"]
[Result "1-0"]
[WhiteElo "2417"]
[BlackElo "2295"]

1.e4 c5 2.Nf3 d6 3.Bb5+ Nc6 4.O-O Bd7 5.Re1 a6 6.Bf1 Bg4 7.d3 e6 8.Nbd2 Nf6
9.h3 Bh5 10.c3 Be7 11.g4 Bg6 12.Nh4 d5 13.e5 Nd7 14.Nxg6 hxg6 15.f4 b5 16.Nf3 c4
17.Be3 Nc5 18.dxc4 bxc4 19.b3 cxb3 20.axb3 O-O 21.b4 Ne4 22.Qd3 a5 23.b5 Nb8
24.c4 Nd7 25.cxd5 Ndc5 26.Qc2 Qxd5 27.Nd4 f5 28.exf6 Bxf6 29.Bc4 Qb7 30.Nxe6 Nxe6
31.Bxe6+ Kh7 32.Rad1 Nc3 33.Rd7 Qf3 34.Qg2 Qxg2+ 35.Kxg2 Nxb5 36.h4 Rad8
37.h5 Rxd7 38.hxg6+  1-0

[Event "19th Open"]
[Site "Faaker-See AUT"]
[Date "2003.08.12"]
[Round "5"]
[White "Hechl,G"]
[Black "Tokmachev,M"]
[Result "1/2-1/2"]
[WhiteElo "2232"]
[BlackElo "2285"]

1.e4 c5 2.Nf3 d6 3.Bb5+ Bd7 4.Bxd7+ Qxd7 5.c4 Nc6 6.d4 cxd4 7.Nxd4 g6 8.Nc3 Bg7
9.Nde2 Nh6 10.f3 f5 11.O-O O-O 12.Bf4 fxe4 13.fxe4 Rad8 14.h3  1/2-1/2

[Event "World Youth Stars"]
[Site "Kirishi RUS"]
[Date "2003.08.12"]
[Round "10"]
[White "Sjugirov,S"]
[Black "Perman,E"]
[Result "1/2-1/2"]
[WhiteElo "2296"]
[BlackElo "2081"]

1.e4 c5 2.Nf3 d6 3.Bb5+ Bd7 4.a4 Nf6 5.e5 dxe5 6.Nxe5 a6 7.Bc4 e6 8.O-O Nc6
9.Nxd7 Qxd7 10.d3 Be7 11.Bg5 h6 12.Bxf6 Bxf6 13.Qc1 O-O 14.Nd2 Bg5 15.Qd1 Bxd2
16.Qxd2 b6 17.Rfd1 Rfd8 18.Bb3 Nd4 19.Ba2 Rac8 20.c3 Nc6 21.Qe2 a5 22.Bb3 Qe7
23.Bc2 Qf6 24.Re1 g6 25.Qe3 h5 26.f4 Ne7 27.Qf2 Nc6 28.Re3 Rd6 29.Rae1 Ne7
30.Re4 Rcd8 31.Qf3 Kg7 32.Rf1 Nf5 33.g3 Rd5 34.Rfe1 Nd6 35.R4e2 Nf5 36.Kg2 R5d6
37.Qf2 Qe7 38.Kg1 Qf6 39.Re5 Rd5 40.R5e2 R5d6 41.Rd2 Rd5 42.Rde2 R5d6 43.Re4 R8d7
44.Re5 Rd5 45.R5e2 Rd8  1/2-1/2

[Event "Independence Cup"]
[Site "Kyiv UKR"]
[Date "2003.08.14"]
[Round "2"]
[White "Iaresko,A"]
[Black "Dykun,O"]
[Result "0-1"]
[WhiteElo "2106"]
[BlackElo "2232"]

1.e4 c5 2.Nf3 d6 3.Bb5+ Bd7 4.Bxd7+ Qxd7 5.O-O Nc6 6.Nc3 g6 7.d3 Bg7 8.Bd2 e6
9.Qc1 Rb8 10.a3 b5 11.Ne2 a5 12.c3 a4 13.Ne1 Na5 14.Qd1 Nb3 15.Rb1 Ne7 16.f4 d5
17.e5 h5 18.Nc1 Nxd2 19.Qxd2 d4 20.Ne2 Nf5 21.Rf3 O-O 22.Ng3 Rfd8 23.Nxf5 exf5
24.Rg3 Bh6 25.Nc2 dxc3 26.bxc3 Qe6 27.Ne1 Qxe5 28.Rf3 Qd5 29.Rf2 Bg7 30.Re2 Bf6
31.Qc2 h4 32.h3 Kg7 33.Qc1 b4 34.axb4 cxb4 35.cxb4 Qd4+ 36.Kh1 Rxb4 37.Rxb4 Qxb4
38.Ra2 Ra8 39.Nf3 Qb3 40.Qc4 Qxc4 41.dxc4 a3 42.Ne5 Bxe5 43.fxe5 Kf8 44.Kg1 Ke7
45.Kf2 Ke6 46.Ke3 Kxe5 47.Kd3 g5 48.Kc3 f4 49.Kb4 f5 50.Kc5 g4 51.Re2+ Kf6
52.Ra2 f3 53.hxg4 fxg4 54.Re2 a2 55.Rxa2 Rxa2 56.gxf3  0-1

[Event "Jezero Open"]
[Site "Belgrade YUG"]
[Date "2003.08.15"]
[Round "2"]
[White "Stamatovic,A"]
[Black "Vulin,M"]
[Result "1-0"]
[WhiteElo "2168"]
[BlackElo "2090"]

1.e4 c5 2.Nf3 d6 3.Bb5+ Bd7 4.Bxd7+ Qxd7 5.O-O Nc6 6.c3 d5 7.e5 d4 8.d3 e6
9.c4 g6 10.Nbd2 Bg7 11.Ne4 Nxe5 12.Nxc5 Nxf3+ 13.Qxf3 Qc6 14.Nxb7 Qxf3 15.gxf3 Ke7
16.b4 Nf6 17.b5 Nd7 18.f4 Kf6 19.a4 Rab8 20.Nd6 Nc5 21.Rd1 Rhd8 22.Ba3 Nxa4
23.Bb4 Nc3 24.Rxa7 g5 25.Re1 Bf8 26.Rxf7+ Kg6 27.Rxe6+ Kh5 28.Rxh7+ Kg4 29.Kg2 Bxd6
30.Bxd6 gxf4 31.Rf7 Rg8 32.Bxb8  1-0

[Event "Independence Cup"]
[Site "Kyiv UKR"]
[Date "2003.08.15"]
[Round "3"]
[White "Miljutin,O"]
[Black "Papenin,N"]
[Result "1/2-1/2"]
[WhiteElo "2195"]
[BlackElo "2415"]

1.e4 c5 2.Nf3 d6 3.Bb5+ Bd7 4.Bxd7+ Qxd7 5.c4 Nf6 6.Nc3 Nc6 7.d4 cxd4 8.Nxd4 g6
9.f3 Bg7 10.Be3 O-O 11.Qd2 Rac8 12.b3 a6 13.a4 e6 14.O-O Rfd8 15.Rac1 Qc7
16.Nd5 exd5 17.cxd5 Qd7 18.dxc6 bxc6 19.Rfd1 Qb7 20.Bh6 Ne8 21.Bxg7 Nxg7
22.Qc3 c5 23.Ne2 Ne6 24.Qc4 Rb8 25.Rd3 Qa7 26.Kf1 Rb4 27.Qd5 Qb7 28.Qxb7 Rxb7
29.Kf2 Kf8 30.h4 a5 31.g4 Rdb8 32.Rcc3 Ke7 33.Ke3 c4 34.bxc4 Nc5 35.Nd4 Nxd3
36.Kxd3 Kd7 37.Nb5 h5 38.gxh5 gxh5 39.c5 Rxb5 40.axb5 Rxb5 41.cxd6 Kxd6 42.f4 a4
43.Rc4 a3 44.Ra4 Rb3+ 45.Kd4 Rh3 46.Ra6+ Kc7 47.Ke5 Kb7 48.Ra4 Kb6 49.f5 Kb5
50.Ra7 Kb4 51.Kf6 Rxh4 52.e5 Re4 53.Rxf7 a2 54.Ra7 Kb3 55.e6 Ra4 56.Rxa4 Kxa4
57.e7 a1=Q+ 58.Kf7 Qa2+ 59.Kf8 Qa3 60.f6 h4 61.Kg7 Qg3+ 62.Kf8 Qd6 63.Kf7 Qd5+
64.Kf8 Qc5 65.Kf7 Qh5+ 66.Kf8 Qc5 67.Kf7 Qd5+ 68.Kf8 Qd6  1/2-1/2

[Event "ADCF Masters"]
[Site "Abu Dhabi UAE"]
[Date "2003.08.16"]
[Round "1"]
[White "Aryanejad,H"]
[Black "El Gindy,E"]
[Result "0-1"]
[WhiteElo "2231"]
[BlackElo "2498"]

1.e4 c5 2.Nf3 d6 3.Bb5+ Nd7 4.c3 Nf6 5.Qe2 e6 6.O-O Be7 7.d4 a6 8.Bd3 e5
9.dxe5 Nxe5 10.Nxe5 dxe5 11.Nd2 Qc7 12.a4 Bg4 13.f3 Be6 14.Nc4 Nh5 15.g3 Rd8
16.Ne3 O-O 17.Nd5 Bxd5 18.exd5 Nf6 19.c4 Ne8 20.Bd2 Bf6 21.Bc3 Rd7 22.Rfe1 Re7
23.Rad1 Nd6 24.b3 Rfe8 25.Qb2 h5 26.Re2 h4 27.Kg2 Qc8 28.Rde1 Nf5 29.Bxf5 Qxf5
30.Re4 h3+ 31.Kf2 b5 32.Qe2 bxa4 33.bxa4 Rb7 34.Kg1 Rb3 35.Qd3 Reb8 36.f4 g6
37.Qc2 Bg7 38.R4e2 Rxc3 39.Qxc3 exf4 40.Qf3 fxg3 41.Qxg3 Bd4+ 42.Kh1 Kg7
43.Re3 Bxe3 44.Qxe3 Re8 45.Qc3+ Kh7  0-1

[Event "Open"]
[Site "Vienna AUT"]
[Date "2003.08.16"]
[Round "1"]
[White "Zaynard,A"]
[Black "Wukits,R"]
[Result "0-1"]
[WhiteElo "2053"]
[BlackElo "2288"]

1.e4 c5 2.Nf3 d6 3.Bb5+ Bd7 4.Bxd7+ Qxd7 5.c4 g6 6.d4 Bg7 7.O-O Nf6 8.Nc3 O-O
9.dxc5 dxc5 10.Qe2 Nc6 11.e5 Ng4 12.Bf4 Qf5 13.Qe4 Ngxe5 14.Bxe5 Nxe5 15.Nxe5 Bxe5
16.Qxb7 e6 17.Rae1 Rab8 18.Qxa7 Rxb2 19.Nd1 Rbb8 20.Re3 Ra8 21.Qd7 Rfd8 22.Qe7 Qh5
23.Rfe1 Qxh2+ 24.Kf1 Qh1+ 25.Ke2 Rxa2+ 26.Kf3 Qh5+  0-1

[Event "ADCF Masters"]
[Site "Abu Dhabi UAE"]
[Date "2003.08.17"]
[Round "2"]
[White "Mirzoeva,E"]
[Black "Adly,A"]
[Result "0-1"]
[WhiteElo "2270"]
[BlackElo "2429"]

1.e4 c5 2.Nf3 d6 3.Bb5+ Nd7 4.O-O Nf6 5.Re1 a6 6.Bf1 e6 7.b3 b6 8.Bb2 Bb7
9.Nc3 b5 10.d3 Ne5 11.Nxe5 dxe5 12.a4 b4 13.Nb1 Bd6 14.f4 h5 15.Be2 exf4
16.e5 Nd5 17.Bf3 Be7 18.Qe2 g5 19.Bxh5 Ne3 20.Bf3 Bxf3 21.gxf3 c4 22.bxc4 Bc5
23.Kh1 g4 24.fxg4 f3 25.Qxf3 Rxh2+ 26.Kxh2 Qh4+ 27.Kg1 Qxe1+ 28.Kh2 O-O-O
29.Qa8+ Kc7  0-1

[Event "II American Continental"]
[Site "Buenos Aires ARG"]
[Date "2003.08.17"]
[Round "1"]
[White "Claverie,R"]
[Black "Gurevich,D"]
[Result "0-1"]
[WhiteElo "2303"]
[BlackElo "2502"]

1.e4 c5 2.Nf3 d6 3.Bb5+ Bd7 4.a4 Nc6 5.O-O Nf6 6.Re1 g6 7.e5 dxe5 8.Nxe5 Rc8
9.Qf3 Bg7 10.Nxc6 Bxc6 11.Nc3 O-O 12.Bxc6 Rxc6 13.d3 Qd7 14.Bf4 Rb6 15.b3 Nh5
16.Bd2 Rd8 17.a5 Rc6 18.Ra4 Bd4 19.Ne4 b5 20.axb6 axb6 21.Ra6 Nf6 22.Ng5 h6
23.Nxf7 Kxf7 24.c3 Qf5 25.Qxf5 gxf5 26.cxd4 Rxd4 27.Bxh6 Rxd3 28.b4 Nd5 29.Bg5 Re6
30.Kf1 cxb4 31.Raa1 Rxe1+ 32.Kxe1 f4 33.Rd1 Rxd1+ 34.Kxd1 Kg6 35.h4 e5 36.g3 f3
37.Bd2 e4 38.g4 Nf6 39.h5+ Kh7 40.g5 Nxh5 41.Kc2 Ng3 42.Be3 Nf5 43.Bxb6 Kg6
44.Kd2 Kxg5 45.Bc5 b3 46.Kc3 e3 47.Kxb3 e2 48.Bb4 Kf4 49.Kc4 Ke4  0-1

[Event "II American Continental"]
[Site "Buenos Aires ARG"]
[Date "2003.08.17"]
[Round "1"]
[White "Ripari,M"]
[Black "Dominguez,L"]
[Result "0-1"]
[WhiteElo "2319"]
[BlackElo "2610"]

1.e4 c5 2.Nf3 d6 3.Bb5+ Bd7 4.Bxd7+ Qxd7 5.O-O Nc6 6.c3 Nf6 7.d4 Nxe4 8.d5 Ne5
9.Re1 Nxf3+ 10.Qxf3 Nf6 11.c4 e5 12.dxe6 fxe6 13.Bg5 Be7 14.Nc3 h6 15.Bh4 O-O
16.Qh3 Kf7 17.Rad1 Rad8 18.f4 Rg8 19.Bf2 b6 20.Re2 d5 21.f5 exf5 22.Nxd5 Rge8
23.Nc3 Qc8 24.Rde1 Bf8 25.Rxe8 Rxe8 26.Rxe8 Kxe8 27.Qf3 Kf7 28.h3 Qd7 29.Nd5 g6
30.Be1 Bg7 31.Bc3 Nxd5 32.cxd5 Qd6 33.Qd3 Bd4+ 34.Bxd4 Qxd5 35.Qa6 Qxd4+
36.Kh1 Qd1+ 37.Kh2 Qd6+ 38.Kh1 Qe7 39.b3 Kg7 40.a4 h5 41.Qd3 f4 42.Qc3+ Kh7
43.Kh2 Qd6 44.Kh1 Qd1+ 45.Kh2 Qd6 46.Kh1 Qd4 47.Qf3 Qe3 48.Qd5 Qe7 49.Kh2 Kg7
50.Kh1 Qe1+ 51.Kh2 Qg3+ 52.Kh1 f3 53.gxf3 Qxh3+ 54.Kg1 Qf5 55.Qb7+ Qf7 56.Qb8 Kh7
57.Kg2 Qe7 58.Kh2 Kg7 59.Kg2 g5 60.Kg3 Qe1+ 61.Kg2 Qe2+ 62.Kg1 Qe7 63.Kg2 h4
64.Kf2 Kh7 65.Qc8 Qd6 66.Qb7+ Kh6 67.Qc8 Qf6 68.Kg2 Qe7 69.Kf2 Kg6 70.Qg8+ Kf6
71.Qh8+ Ke6 72.Qc8+ Kf6 73.Qh8+ Kf5 74.Qg8 Ke5 75.Qh8+ Qf6 76.Qe8+ Kd4 77.Qe3+ Kd5
78.Qe4+ Kd6 79.Qe8 g4 80.Qb8+ Kd5 81.Qg8+ Kd6 82.Qb8+ Ke7 83.Qc7+ Kf8 84.Qc8+ Ke7
85.Qc7+ Ke6 86.Qc8+ Kd5 87.Qg8+ Qe6 88.Qg5+ Kd4 89.Qd2+ Ke5 90.Qg5+ Qf5 91.Qg7+ Kd6
92.Qh6+ Kd5 93.Qd2+ Ke6 94.Qe3+ Kf7 95.f4 g3+ 96.Kf3 Qd5+  0-1

[Event "Open"]
[Site "Vienna AUT"]
[Date "2003.08.17"]
[Round "2"]
[White "Dueckstein,A"]
[Black "Schwarhofer,C"]
[Result "1-0"]
[WhiteElo "2334"]
[BlackElo "2015"]

1.e4 c5 2.Nf3 d6 3.Bb5+ Bd7 4.a4 Nc6 5.O-O g6 6.c3 Bg7 7.d4 a6 8.Bc4 Na5
9.Bd3 c4 10.Bc2 Qb6 11.Nbd2 Rc8 12.Re1 e6 13.Nf1 Ne7 14.Rb1 O-O 15.Be3 d5
16.Ne5 Bc6 17.Nxc6 Naxc6 18.Qd2 Qc7 19.Bh6 Rce8 20.e5 b5 21.Bxg7 Kxg7 22.Re3 Rb8
23.Rh3 Ng8 24.Ne3 b4 25.Re1 Qa5 26.Ng4 b3 27.Nf6 Rfd8 28.Rxh7+ Kf8 29.Nxg8 bxc2
30.Qh6+ Ke8 31.Nf6+ Ke7 32.Rxf7+  1-0

[Event "Jezero Open"]
[Site "Belgrade YUG"]
[Date "2003.08.18"]
[Round "5"]
[White "Savic,Ma"]
[Black "Vulin,M"]
[Result "0-1"]
[WhiteElo "2129"]
[BlackElo "2090"]

1.e4 c5 2.Nf3 d6 3.Bb5+ Bd7 4.Bxd7+ Qxd7 5.O-O Nc6 6.c3 Nf6 7.d4 cxd4 8.cxd4 Nxe4
9.d5 Nb8 10.Re1 Nf6 11.Bg5 e5 12.dxe6 fxe6 13.Nd4 e5 14.Nc3 Nc6 15.Bxf6 gxf6
16.Nd5 Qf7 17.Nf5 O-O-O 18.b4 Nd4 19.Nfe3 Kb8 20.Rc1 Rc8 21.Rxc8+ Kxc8 22.Qa4 Kb8
23.b5 Bh6 24.Qb4 Rd8 25.Qa5 Rc8 26.Nb4 Bxe3 27.fxe3 Nf5 28.Rb1 Qc4 29.h3 Nxe3
30.Nc6+ bxc6 31.bxc6+ Ka8 32.Rb7 Qc5 33.Qa6 Ng4+ 34.Kf1 Qf2+  0-1

[Event "Independence Cup"]
[Site "Kyiv UKR"]
[Date "2003.08.18"]
[Round "6"]
[White "Kosikov,A"]
[Black "Zubov,A UKR"]
[Result "1-0"]
[WhiteElo "2428"]
[BlackElo "2507"]

1.e4 c5 2.Nf3 d6 3.Bb5+ Nc6 4.O-O Bd7 5.c3 Nf6 6.Re1 a6 7.Ba4 e5 8.h3 Be7
9.d4 b5 10.Bc2 exd4 11.cxd4 Nb4 12.Nc3 Nxc2 13.Qxc2 cxd4 14.Nxd4 b4 15.Nd5 Nxd5
16.exd5 O-O 17.Nc6 Bxc6 18.dxc6 Bf6 19.Bf4 Bd4 20.Be3 Be5 21.a3 Qb8 22.axb4 Qxb4
23.Re2 Rfc8 24.Ra4 Qb5 25.Rc4 Bxb2 26.Rh4 Be5 27.Qxh7+ Kf8 28.Re1 Qxc6 29.Bg5 f6
30.Bh6 gxh6 31.Rg4 Qd5 32.Rg7  1-0

[Event "ADCF Masters"]
[Site "Abu Dhabi UAE"]
[Date "2003.08.19"]
[Round "4"]
[White "Eid,Fa"]
[Black "Magerramov,E"]
[Result "0-1"]
[WhiteElo "2398"]
[BlackElo "2566"]

1.e4 c5 2.Nf3 d6 3.Bb5+ Bd7 4.Bxd7+ Qxd7 5.O-O Nc6 6.c3 Nf6 7.d4 Nxe4 8.d5 Ne5
9.Re1 Nf6 10.Nxe5 dxe5 11.Rxe5 e6 12.c4 Bd6 13.Re1 O-O-O 14.Nc3 exd5 15.Nxd5 Qf5
16.Be3 Kb8 17.Qd2 Nxd5 18.cxd5 Rhe8 19.Bg5 f6 20.Rxe8 Rxe8 21.Be3 h5 22.Rc1 b6
23.Qe2 h4 24.h3 Qe5 25.Qb5 Re7 26.Kf1 Qxd5 27.a4 Qf5 28.Qb3 Qe6 29.Rc4 Qd5
30.Qc2 g5 31.Rc3 a5 32.Rd3 Qe4 33.Qd1 Bc7 34.b3 Kb7 35.Bc1 Qc6 36.Re3 Be5
37.Bb2 Rd7 38.Qe2 Bxb2 39.Qxb2 c4 40.Qc3 cxb3 41.Qxb3 Rd4 42.Re7+ Ka6 43.Qf7  0-1

[Event "Open"]
[Site "Vienna AUT"]
[Date "2003.08.19"]
[Round "4"]
[White "Neumeier,K"]
[Black "Pachta,P"]
[Result "1-0"]
[WhiteElo "2255"]
[BlackElo "2032"]

1.e4 c5 2.Nf3 d6 3.Bb5+ Bd7 4.Bxd7+ Qxd7 5.c4 Nc6 6.Nc3 g6 7.d4 cxd4 8.Nxd4 Bg7
9.Nde2 Nf6 10.O-O O-O 11.f3 Rfc8 12.Be3 Ne8 13.b3 Nc7 14.Qd2 Qe8 15.Rad1 Rab8
16.a4 a6 17.Nd5 Nxd5 18.exd5 Ne5 19.a5 Nd7 20.Qb4 Nc5 21.Nc3 Qd7 22.Ne4 Nxe4
23.fxe4 Be5 24.Qd2 Rf8 25.Rf3 f5 26.Bh6 Bg7 27.Bxg7 Kxg7 28.Qc3+ Kg8 29.e5 Qc7
30.e6 Rf6 31.Qd2 Kg7 32.Rdf1 b5 33.axb6 Qxb6+ 34.Kh1 Rh8 35.g4 fxg4 36.Rxf6 exf6
37.e7 Qxb3 38.Qd4 Re8 39.Qxf6+ Kh6 40.Qh4+ Kg7 41.Qf6+ Kh6 42.Qf8+  1-0

[Event "ADCF Masters"]
[Site "Abu Dhabi UAE"]
[Date "2003.08.20"]
[Round "5"]
[White "Al Tamimi,H"]
[Black "Molina,T"]
[Result "1/2-1/2"]
[WhiteElo "2193"]
[BlackElo "2264"]

1.e4 c5 2.Nf3 d6 3.Bb5+ Bd7 4.Bxd7+ Qxd7 5.c4 Nc6 6.O-O g6 7.d4 cxd4 8.Nxd4 Bg7
9.Ne2 Nf6 10.Nbc3 O-O 11.f3 Rac8 12.Rb1 a6 13.a4 Nb4 14.b3 Qd8 15.Bg5 h6
16.Be3 Kh7 17.Qd2 Nd7 18.f4 Qc7 19.f5 g5 20.Nd5 Nxd5 21.exd5 b5 22.axb5 axb5
23.Rbc1 Qb7 24.Nd4 bxc4 25.bxc4 Ne5 26.Qe2 Bf6 27.Nf3 Kg7 28.Nxe5 Bxe5 29.Qd3 Qb4
30.Bd4 f6 31.Rc2 Rc7 32.Rfc1 Rfc8 33.g3 Bxd4+ 34.Qxd4 Qc5 35.Qxc5 Rxc5 36.Kf2 g4
37.Ke3 Ra8 38.Rb2 Rc7 39.Kd4 h5 40.Rcb1 Raa7 41.Rb8 Ra2 42.R1b2 Ra4 43.R2b4 Ra2
44.Rb2 Rca7 45.R8b7 Kf7 46.R7b3 Ra1 47.Re2 Rf1 48.Ke4 Ra4 49.Rc2 Raa1 50.Re3 Ra7
51.Rb3 Rc7 52.Rb8 Kg7 53.Rb3 Kh6 54.Re3 Kg5 55.Kd3 Rxf5 56.Rce2 Re5 57.Rxe5+ dxe5
58.Rb2 f5 59.Rb8 f4 60.Rg8+ Kh6  1/2-1/2

[Event "X Asian Women"]
[Site "Calicut IND"]
[Date "2003.08.20"]
[Round "4"]
[White "Ramaswamy,A"]
[Black "Zhao Xue"]
[Result "1/2-1/2"]
[WhiteElo "2316"]
[BlackElo "2467"]

1.e4 c5 2.Nf3 d6 3.Bb5+ Nc6 4.O-O Bd7 5.Re1 a6 6.Bf1 e5 7.c3 Bg4 8.d3 Nge7
9.Nbd2 g6 10.h3 Bxf3 11.Nxf3 Bg7 12.d4 O-O 13.Be3 exd4 14.cxd4 d5 15.exd5 Nxd5
16.dxc5 Bxb2 17.Rb1 Bc3 18.Bg5 f6 19.Bc4 Bxe1 20.Bxd5+ Kh8 21.Bh6 Bc3 22.Rxb7 Ne7
23.Bxf8 Qxd5 24.Qxd5 Nxd5 25.Bg7+ Kg8 26.Bh6 Rc8 27.Rg7+ Kh8 28.Rd7 Nb4 29.a3 Nc6
30.Kf1 a5 31.Bd2 Bxd2 32.Nxd2 Ne5 33.Rd5 Rc7 34.a4 Kg7 35.f4 Nd7 36.Nb3 Kf7
37.Ke2 Ke6 38.Rd6+ Ke7 39.Rd5 Ke6 40.Rd6+ Ke7 41.Rd5  1/2-1/2

[Event "Independence Cup"]
[Site "Kyiv UKR"]
[Date "2003.08.20"]
[Round "8"]
[White "Tkachenko,D"]
[Black "Taborov,B"]
[Result "1/2-1/2"]
[WhiteElo "2220"]
[BlackElo "2446"]

1.e4 c5 2.Nf3 d6 3.Bb5+ Nc6 4.O-O Bd7 5.c3 a6 6.Ba4 Nf6 7.Re1 e5 8.d4 b5
9.Bb3 Be7 10.Bg5 O-O 11.dxe5 dxe5 12.Bxf6 Bxf6 13.Bd5 Qb6 14.Nbd2 Rad8 15.Bxc6 Bxc6
16.Qc2 c4 17.b3 Qc5 18.a4 Bd7 19.Red1 cxb3 20.Nxb3 Qc7 21.axb5 axb5 22.h3 Be6
23.Nbd2 Be7 24.Qb2 Rb8 25.Rac1 Rfc8 26.Nf1 Bc5 27.Ne1 Bc4 28.Nd3 Bxd3 29.Rxd3 Bd4
30.Rcd1 Bc5 31.Nh2 b4 32.cxb4 Rxb4 33.Qe2 Rd4 34.Nf3 Rxd3 35.Rxd3 f6 36.Qa2+ Qf7
37.Qa6 Re8 38.Qc6 Bf8  1/2-1/2

[Event "Independence Cup"]
[Site "Kyiv UKR"]
[Date "2003.08.20"]
[Round "8"]
[White "Kosikov,A"]
[Black "Pavlov,S2"]
[Result "0-1"]
[WhiteElo "2428"]
[BlackElo "2300"]

1.e4 c5 2.Nf3 d6 3.Bb5+ Bd7 4.Bxd7+ Qxd7 5.c4 Nc6 6.d4 cxd4 7.Nxd4 g6 8.Nc3 Bg7
9.Be3 Nf6 10.f3 O-O 11.O-O a6 12.Qd2 Nxd4 13.Bxd4 b5 14.cxb5 axb5 15.a3 Rfc8
16.Rac1 Rab8 17.Rfd1 Rc4 18.Ne2 Rbc8 19.b3 Rxc1 20.Rxc1 Rxc1+ 21.Qxc1 e5
22.Bf2 d5 23.Qd2 Qe7 24.Bh4 dxe4 25.Qa5 exf3 26.gxf3 Qc5+ 27.Bf2 Qd5 28.b4 h5
29.Bc5 e4 30.Qxb5 exf3 31.Ng3 h4 32.Nf1 Nd7 33.Ne3 Bd4 34.Kf2 Qg5  0-1

[Event "II American Continental"]
[Site "Buenos Aires ARG"]
[Date "2003.08.21"]
[Round "4"]
[White "Zarnicki,P"]
[Black "Ramirez,Al"]
[Result "0-1"]
[WhiteElo "2530"]
[BlackElo "2450"]

1.e4 c5 2.Nf3 d6 3.Bb5+ Bd7 4.Bxd7+ Qxd7 5.O-O Nc6 6.c3 Nf6 7.d4 Nxe4 8.d5 Ne5
9.Nxe5 dxe5 10.Re1 Nf6 11.Rxe5 e6 12.c4 O-O-O 13.Nc3 Bd6 14.Re1 exd5 15.Nxd5 Qf5
16.Be3 Rhe8 17.b4 Ng4 18.g3 Rxe3  0-1